000
00359nam a2200133Ia 4500
008
100328s9999 xx 000 0 und d
082
_b
32070
100
_a
शाहीर साबळे
245
_a
आंाळ दळतय
260
_b
यशोधन
630
_a
आंाळ दळतय
730
_a
आंाळ दळतय
942
_c
BOOK
999
_c
522876
_d
522873